[Event "Wellington CC-chA"]
[Site "Wellington"]
[Date "2022.11.24"]
[Round "9"]
[White "Dive, Russell John"]
[Black "Pomeroy, Arthur"]
[Result "1-0"]
[WhiteElo "2238"]
[BlackElo "1908"]
[PlyCount "51"]
[EventDate "2022.09.29"]
[EventType "tourn"]
[EventRounds "9"]
[EventCountry "NZL"]
[SourceTitle "EXT 2025"]
[Source "ChessBase"]
[SourceDate "2024.10.14"]
[SourceVersion "1"]
[SourceVersionDate "2024.10.14"]
[SourceQuality "1"]

1. Nf3 g6 2. c4 Bg7 3. Nc3 d6 4. g3 Nc6 5. Bg2 e5 6. Rb1 a5 7. a3 Nge7 8. b4 axb4 9. axb4 Bf5 10. d3 Qd7 11. h4 Bg4 12. b5 Nd8 13. Bd2 0-0 14. Qc1 Re8 15. Bh6 Bh8 16. h5 gxh5 17. Nd5 Ne6 18. Nh4 Nf8 19. Qg5+ Neg6 20. Nf6+ Bxf6 21. Qxf6 Ne6 22. f3 Qd8 23. Qxd8 Nxd8 24. fxg4 hxg4 25. Nf5 Ra2 26. b6 1-0

[Event "Wellington CC-chA"]
[Site "Wellington"]
[Date "2022.11.03"]
[Round "6"]
[White "Pomeroy, Arthur"]
[Black "Forster, William"]
[Result "1/2-1/2"]
[WhiteElo "1908"]
[BlackElo "1810"]
[PlyCount "49"]
[EventDate "2022.09.29"]
[EventType "tourn"]
[EventRounds "9"]
[EventCountry "NZL"]
[SourceTitle "EXT 2025"]
[Source "ChessBase"]
[SourceDate "2024.10.14"]
[SourceVersion "1"]
[SourceVersionDate "2024.10.14"]
[SourceQuality "1"]

1. e4 e5 2. Nf3 Nc6 3. Bb5 a6 4. Ba4 Nf6 5. 0-0 Be7 6. Re1 d6 7. d4 b5 8. Bb3 0-0 9. c3 Bb7 10. Nbd2 Nd7 11. Nf1 Na5 12. Bc2 Bf6 13. Ne3 g6 14. Ng4 Bg7 15. Bh6 Nf6 16. Bxg7 Kxg7 17. Nxf6 Qxf6 18. dxe5 dxe5 19. Qe2 Nc4 20. Bd3 Nd6 21. a4 Bc6 22. a5 Qe7 23. Nd2 Qg5 24. Nf3 Qe7 25. Nd2 1/2-1/2

[Event "Wellington CC Autumn Cup-B"]
[Site "Wellington"]
[Date "2022.06.02"]
[Round "3"]
[White "Pomeroy, Arthur"]
[Black "Tanoi, Toleafoa E"]
[Result "1-0"]
[WhiteElo "1987"]
[BlackElo "2045"]
[PlyCount "69"]
[EventDate "2022.05.19"]
[EventType "tourn"]
[EventRounds "5"]
[EventCountry "NZL"]
[SourceTitle "EXT 2025"]
[Source "ChessBase"]
[SourceDate "2024.10.14"]
[SourceVersion "1"]
[SourceVersionDate "2024.10.14"]
[SourceQuality "1"]

1. e4 c5 2. Nf3 Nc6 3. d4 cxd4 4. Nxd4 e5 5. Nb5 d6 6. N1c3 a6 7. Na3 Be7 8. Nd5 Nf6 9. Nxe7 Qxe7 10. Bd3 0-0 11. 0-0 Be6 12. Bg5 h6 13. Bxf6 Qxf6 14. Nc4 Bxc4 15. Bxc4 Rab8 16. a4 Rfc8 17. c3 Ne7 18. Qd3 Ng6 19. g3 Rd8 20. Kh1 Ne7 21. f4 Kh8 22. fxe5 Qxe5 23. Rxf7 d5 24. exd5 Rd6 25. Raf1 Kg8 26. Qf3 b5 27. axb5 axb5 28. Rf8+ Rxf8 29. Qxf8+ Kh7 30. Bd3+ Ng6 31. Bxg6+ Rxg6 32. Qf5 Qd6 33. Re1 Qa6 34. Re6 Qa1+ 35. Kg2 1-0

[Event "North Island-ch"]
[Site "Wellington"]
[Date "2021.04.05"]
[Round "7"]
[White "Pomeroy, Arthur"]
[Black "Wang, Aaron Ziwen"]
[Result "1/2-1/2"]
[WhiteElo "1935"]
[BlackElo "1635"]
[PlyCount "126"]
[EventDate "2021.04.02"]
[EventType "swiss"]
[EventRounds "8"]
[EventCountry "NZL"]
[SourceTitle "EXT 2024"]
[Source "ChessBase"]
[SourceDate "2023.10.10"]
[SourceVersion "1"]
[SourceVersionDate "2023.10.10"]
[SourceQuality "1"]

1. e4 c5 2. Nf3 d6 3. d4 cxd4 4. Nxd4 Nf6 5. Nc3 a6 6. g3 e5 7. Nde2 b5 8. Bg2 Bb7 9. 0-0 Nbd7 10. Bg5 h6 11. Bxf6 Nxf6 12. h3 b4 13. Nd5 Nxd5 14. exd5 Qb6 15. c4 bxc3 16. Qa4+ Ke7 17. bxc3 Qb5 18. Qd1 Qc5 19. Rb1 Rb8 20. Rb3 g6 21. Qb1 Qa7 22. Qb2 Kd7 23. Rb1 Kc7 24. c4 Be7 25. c5 Ba8 26. c6 Rxb3 27. axb3 Rb8 28. Qc3 Qb6 29. h4 f5 30. h5 g5 31. Qd3 Rf8 32. Ra1 Bb7 33. cxb7 Kxb7 34. Bf1 e4 35. Qe3 Bf6 36. Qxb6+ Kxb6 37. Rc1 Be5 38. Rc6+ Ka5 39. Rc4 f4 40. Rxe4 fxg3 41. Nxg3 Bxg3 42. fxg3 Rf3 43. Ra4+ Kb6 44. Kg2 Rxb3 45. Rxa6+ Kc5 46. Rc6+ Kxd5 47. Bc4+ Kxc6 48. Bxb3 Kc5 49. Kf3 Kd4 50. Kg4 Ke4 51. Ba4 d5 52. Bc6 Ke5 53. Bxd5 Kxd5 54. Kf5 g4 55. Kxg4 Ke4 56. Kh4 Kf5 57. Kh3 Kg5 58. g4 Kf6 59. Kg2 Kg5 60. Kg3 Kf6 61. Kf4 Ke6 62. Kf3 Kf6 63. Kf4 Ke6 1/2-1/2

[Event "Wellington CC-chA"]
[Site "Wellington"]
[Date "2016.11.03"]
[Round "9"]
[White "Pomeroy, Arthur"]
[Black "Croad, Nicholas"]
[Result "0-1"]
[WhiteElo "2102"]
[BlackElo "2276"]
[PlyCount "62"]
[EventDate "2016.09.08"]
[EventType "tourn"]
[EventRounds "9"]
[EventCountry "NZL"]
[SourceTitle "EXT 2018"]
[Source "ChessBase"]
[SourceDate "2017.10.13"]
[SourceVersion "1"]
[SourceVersionDate "2017.10.13"]
[SourceQuality "1"]

1. e4 c5 2. Nf3 d6 3. d4 cxd4 4. Nxd4 Nf6 5. Nc3 Nc6 6. g3 e5 7. Nde2 Be7 8. Bg2 Be6 9. h3 h5 10. Bg5 Rc8 11. Qd2 Na5 12. b3 a6 13. 0-0 b5 14. Bxf6 Bxf6 15. Rfd1 Nb7 16. Nd5 h4 17. Nxf6+ Qxf6 18. g4 0-0 19. f4 exf4 20. Nxf4 Qe5 21. Nd5 Rfe8 22. Qf2 Nc5 23. Qxh4 Nxe4 24. Ne7+ Rxe7 25. Qxe7 Qc5+ 26. Kh2 Qe5+ 27. Kg1 Qc5+ 28. Kh2 Qf2 29. Rd3 Rxc2 30. Rg1 Qf4+ 31. Kh1 Nf2# 0-1

[Event "Wellington Mazur Memorial"]
[Site "Wellington"]
[Date "2016.09.01"]
[Round "8"]
[White "Pomeroy, Arthur"]
[Black "Ker, Anthony F"]
[Result "1/2-1/2"]
[WhiteElo "2133"]
[BlackElo "2415"]
[PlyCount "57"]
[EventDate "2016.07.21"]
[EventType "swiss"]
[EventRounds "8"]
[EventCountry "NZL"]
[SourceTitle "EXT 2018"]
[Source "ChessBase"]
[SourceDate "2017.10.13"]
[SourceVersion "1"]
[SourceVersionDate "2017.10.13"]
[SourceQuality "1"]

1. e4 d6 2. d4 Nf6 3. Nc3 g6 4. f4 Bg7 5. Nf3 c5 6. Bb5+ Bd7 7. e5 Ng4 8. Bxd7+ Qxd7 9. d5 dxe5 10. h3 e4 11. Nxe4 Nf6 12. Nxf6+ Bxf6 13. 0-0 Na6 14. Ne5 Qd6 15. c4 0-0 16. Qf3 b5 17. b3 bxc4 18. bxc4 e6 19. Be3 Nb4 20. dxe6 Nc2 21. exf7+ Kg7 22. Rad1 Nd4 23. Qf2 Rad8 24. Rd2 Qe6 25. Bxd4 cxd4 26. Rxd4 Rxd4 27. Qxd4 Rxf7 28. Qd3 Re7 29. Qe4 1/2-1/2

[Event "Wellington Mazur Memorial"]
[Site "Wellington"]
[Date "2016.07.14"]
[Round "1"]
[White "Wight, Joshua"]
[Black "Pomeroy, Arthur"]
[Result "0-1"]
[WhiteElo "1534"]
[BlackElo "2133"]
[PlyCount "116"]
[EventDate "2016.07.21"]
[EventType "swiss"]
[EventRounds "8"]
[EventCountry "NZL"]
[SourceTitle "EXT 2018"]
[Source "ChessBase"]
[SourceDate "2017.10.13"]
[SourceVersion "1"]
[SourceVersionDate "2017.10.13"]
[SourceQuality "1"]

1. e4 c5 2. Nc3 g6 3. f4 Bg7 4. Nf3 d6 5. h3 e6 6. a4 Ne7 7. Bb5+ Nbc6 8. d4 cxd4 9. Nxd4 0-0 10. Be3 a6 11. Bxc6 bxc6 12. Nb3 c5 13. Qd3 Qc7 14. Nd2 Bb7 15. Rd1 d5 16. Ne2 c4 17. Qa3 Rfc8 18. e5 Nf5 19. Bf2 Bf8 20. Qa1 d4 21. 0-0 Ne3 22. Bxe3 dxe3 23. Nf3 Bc5 24. c3 Be4 25. Rfe1 Qb7 26. Rf1 Rab8 27. Kh2 Qxb2 28. Qxb2 Rxb2 29. Rfe1 Rcb8 30. Kg3 Ra2 31. Rd7 h6 32. Rc7 Bb6 33. Rxc4 Bd3 34. Rb4 Rxe2 35. Rxe2 Bxe2 36. Nd4 Bd1 37. a5 Ba7 38. Nc6 Rxb4 39. Nxb4 e2 40. Nd3 Kf8 41. Ne1 Ke7 42. Kf3 Kd7 43. g4 Kc6 44. Ke4 Bf2 45. Nd3 e1Q+ 46. Nxe1 Bxe1 47. Kd4 Kb5 48. c4+ Kxa5 49. Kc5 Bb4+ 50. Kc6 Ba4+ 51. Kb7 Bc5 52. h4 Be3 53. h5 Bxf4 54. hxg6 fxg6 55. c5 h5 56. gxh5 gxh5 57. c6 Bxe5 58. c7 Bxc7 0-1

[Event "Wellington CC Summer Cup"]
[Site "Wellington"]
[Date "2016.02.11"]
[Round "4"]
[White "Cunningham, Patrick D"]
[Black "Pomeroy, Arthur"]
[Result "0-1"]
[WhiteElo "1666"]
[BlackElo "2133"]
[PlyCount "136"]
[EventDate "2016.01.21"]
[EventType "swiss"]
[EventRounds "8"]
[EventCountry "NZL"]
[SourceTitle "EXT 2018"]
[Source "ChessBase"]
[SourceDate "2017.10.13"]
[SourceVersion "1"]
[SourceVersionDate "2017.10.13"]
[SourceQuality "1"]

1. d4 Nf6 2. Nf3 g6 3. g3 Bg7 4. Bg2 0-0 5. c4 d6 6. Nc3 c6 7. 0-0 Qa5 8. Bd2 Qh5 9. e4 Bg4 10. e5 dxe5 11. dxe5 Nfd7 12. h3 Bxf3 13. Qxf3 Qxf3 14. Bxf3 Nxe5 15. Be2 Ned7 16. Rab1 Nf6 17. Rfe1 Nbd7 18. Bf3 e6 19. b4 Nb6 20. Be2 Rfd8 21. Rbd1 Rd7 22. a4 Rad8 23. a5 Rxd2 24. axb6 Rxd1 25. Bxd1 axb6 26. Na4 b5 27. cxb5 cxb5 28. Nc3 Nd5 29. Nxb5 Nxb4 30. Bf3 Rd2 31. Rd1 Rxd1+ 32. Bxd1 Kf8 33. Bf3 b6 34. Nd6 Bd4 35. Be2 Ke7 36. Nb5 Bc5 37. Kg2 e5 38. Kf3 f5 39. Bc4 Kf6 40. Ke2 e4 41. Nc3 Nc6 42. Nd5+ Ke5 43. Ne3 Bxe3 44. fxe3 Ne7 45. Bf7 b5 46. Kd2 Kd6 47. Kc3 Nd5+ 48. Kd4 Ne7 49. h4 Nc6+ 50. Kc3 Ne5 51. Bg8 h6 52. Kb4 Ng4 53. Kxb5 Nxe3 54. Bh7 Nf1 55. Bxg6 Nxg3 56. Kc4 Ke5 57. Kc3 Nf1 58. Kc2 Kf4 59. Kd1 Ng3 60. Ke1 e3 61. h5 Kg4 62. Be8 f4 63. Bd7+ Kxh5 64. Bc6 Kg5 65. Bf3 h5 66. Bg2 h4 67. Bf1 f3 68. Bh3 Kf4 0-1

[Event "Wellington CC Summer Cup"]
[Site "Wellington"]
[Date "2015.03.12"]
[Round "5"]
[White "Stone, Andrew"]
[Black "Pomeroy, Arthur"]
[Result "0-1"]
[WhiteElo "2069"]
[BlackElo "2105"]
[PlyCount "32"]
[EventDate "2015.02.05"]
[EventType "swiss"]
[EventRounds "8"]
[EventCountry "NZL"]
[SourceTitle "EXT 2018"]
[Source "ChessBase"]
[SourceDate "2017.10.13"]
[SourceVersion "1"]
[SourceVersionDate "2017.10.13"]
[SourceQuality "1"]

1. e4 c5 2. d4 cxd4 3. c3 Nf6 4. e5 Nd5 5. cxd4 e6 6. Nf3 d6 7. Bc4 Nb6 8. Bd3 Nc6 9. 0-0 dxe5 10. dxe5 Nb4 11. Bg5 Qxd3 12. Qxd3 Nxd3 13. Rd1 h6 14. Bh4 g5 15. Nxg5 hxg5 16. Bxg5 Be7 0-1

[Event "Wellington CC Summer Cup"]
[Site "Wellington"]
[Date "2015.02.12"]
[Round "2"]
[White "Pomeroy, Arthur"]
[Black "Nicholls, Alistair"]
[Result "1-0"]
[WhiteElo "2105"]
[BlackElo "1850"]
[PlyCount "47"]
[EventDate "2015.02.05"]
[EventType "swiss"]
[EventRounds "8"]
[EventCountry "NZL"]
[SourceTitle "EXT 2018"]
[Source "ChessBase"]
[SourceDate "2017.10.13"]
[SourceVersion "1"]
[SourceVersionDate "2017.10.13"]
[SourceQuality "1"]

1. e4 e5 2. Nf3 Nc6 3. Bb5 f5 4. d3 Nf6 5. 0-0 d6 6. exf5 Be7 7. d4 e4 8. d5 exf3 9. dxc6 0-0 10. Qxf3 bxc6 11. Bxc6 Rb8 12. Nc3 Bd7 13. b3 Bxc6 14. Qxc6 Rb6 15. Qf3 Qd7 16. Bd2 d5 17. Rad1 c6 18. Rfe1 Ne8 19. Qe2 Rb7 20. Qe6+ Kh8 21. Re2 Rxf5 22. Rde1 Qxe6 23. Rxe6 Rf7 24. Rxc6 1-0

[Event "Wellington CC Summer Cup"]
[Site "Wellington"]
[Date "2014.02.13"]
[Round "2"]
[White "Pomeroy, Arthur"]
[Black "Brockway, Andrew"]
[Result "1-0"]
[WhiteElo "2115"]
[BlackElo "1769"]
[PlyCount "48"]
[EventDate "2014.01.30"]
[EventType "swiss"]
[EventRounds "8"]
[EventCountry "NZL"]
[SourceTitle "EXT 2018"]
[Source "ChessBase"]
[SourceDate "2017.10.13"]
[SourceVersion "1"]
[SourceVersionDate "2017.10.13"]
[SourceQuality "1"]

1. e4 c5 2. Nf3 g6 3. d4 cxd4 4. Qxd4 Nf6 5. e5 Nc6 6. Qa4 Nd5 7. Qe4 Nc7 8. Nc3 Bg7 9. Bf4 0-0 10. 0-0-0 a6 11. h4 Ne6 12. Bg3 Qa5 13. h5 Nb4 14. Bc4 Bh6+ 15. Kb1 g5 16. a3 Nc5 17. Qe3 Nxc2 18. Kxc2 d5 19. Rxd5 Bf5+ 20. Kd1 Rad8 21. Ke2 Rxd5 22. Nxd5 Rd8 23. Nxe7+ Kf8 24. Nxf5 g4 1-0

[Event "Wellington Mazur Memorial"]
[Site "Wellington"]
[Date "2013.10.24"]
[Round "1"]
[White "Pomeroy, Arthur"]
[Black "Cunningham, Patrick D"]
[Result "1-0"]
[WhiteElo "2113"]
[BlackElo "1590"]
[PlyCount "81"]
[EventDate "2013.10.26"]
[EventType "swiss"]
[EventRounds "8"]
[EventCountry "NZL"]
[SourceTitle "EXT 2018"]
[Source "ChessBase"]
[SourceDate "2017.10.13"]
[SourceVersion "1"]
[SourceVersionDate "2017.10.13"]
[SourceQuality "1"]

1. e4 e5 2. Nf3 Nc6 3. Bb5 a6 4. Ba4 d6 5. 0-0 Bd7 6. c3 Nf6 7. Re1 Be7 8. d4 0-0 9. Nbd2 b5 10. Bc2 Bg4 11. h3 Bd7 12. Nf1 Qc8 13. Ne3 Re8 14. Nd5 Nxd5 15. exd5 Nd8 16. dxe5 dxe5 17. Nxe5 Bf5 18. Bxf5 Qxf5 19. Qf3 Qxf3 20. Nxf3 Nb7 21. Bf4 Nd6 22. Re2 Bf6 23. Rae1 Kf8 24. Ne5 Bxe5 25. Bxe5 f6 26. Bxd6+ cxd6 27. Rxe8+ Rxe8 28. Rxe8+ Kxe8 29. Kf1 Kf7 30. Ke2 f5 31. Ke3 Kf6 32. Kd4 g5 33. c4 bxc4 34. Kxc4 Ke5 35. b4 h5 36. a4 g4 37. b5 axb5+ 38. axb5 h4 39. b6 f4 40. f3 gxh3 41. gxh3 1-0

[Event "Wellington CC-chA"]
[Site "Wellington"]
[Date "2013.10.17"]
[Round "7"]
[White "Nyberg, Michael"]
[Black "Pomeroy, Arthur"]
[Result "1-0"]
[WhiteElo "1938"]
[BlackElo "2118"]
[PlyCount "49"]
[EventDate "2013.08.01"]
[EventType "tourn"]
[EventRounds "9"]
[EventCountry "NZL"]
[SourceTitle "EXT 2018"]
[Source "ChessBase"]
[SourceDate "2017.10.13"]
[SourceVersion "1"]
[SourceVersionDate "2017.10.13"]
[SourceQuality "1"]

1. d4 Nf6 2. c4 g6 3. Nc3 Bg7 4. e4 d6 5. f3 0-0 6. Bd3 Nc6 7. Nge2 a6 8. Be3 b5 9. cxb5 axb5 10. Bxb5 Bd7 11. Qd2 Na5 12. Rc1 c6 13. Bd3 Qb8 14. 0-0 Ne8 15. g4 Nc7 16. Bg5 Re8 17. h4 Ne6 18. Be3 Qb4 19. d5 Nc5 20. dxc6 Bxc6 21. b3 Nxd3 22. Qxd3 Nb7 23. Nd4 Bd7 24. Nd5 Nc5 25. Nxb4 1-0

[Event "Wellington CC-chA"]
[Site "Wellington"]
[Date "2013.10.10"]
[Round "1"]
[White "Pomeroy, Arthur"]
[Black "Van der Hoorn, Mark"]
[Result "1/2-1/2"]
[WhiteElo "2118"]
[BlackElo "2149"]
[PlyCount "37"]
[EventDate "2013.08.01"]
[EventType "tourn"]
[EventRounds "9"]
[EventCountry "NZL"]
[SourceTitle "EXT 2018"]
[Source "ChessBase"]
[SourceDate "2017.10.13"]
[SourceVersion "1"]
[SourceVersionDate "2017.10.13"]
[SourceQuality "1"]

1. e4 e5 2. Nf3 Nc6 3. Bb5 a6 4. Ba4 Nf6 5. 0-0 Nxe4 6. d4 b5 7. Bb3 d5 8. dxe5 Be6 9. Be3 Be7 10. Nbd2 Qd7 11. c3 Rd8 12. Bc2 f5 13. exf6 Nxf6 14. Qb1 0-0 15. Ng5 h6 16. Nxe6 Qxe6 17. Bf5 Qd6 18. Nf3 Ne5 19. Nxe5 1/2-1/2

[Event "Wellington CC-chA"]
[Site "Wellington"]
[Date "2013.09.19"]
[Round "9"]
[White "Stone, Andrew"]
[Black "Pomeroy, Arthur"]
[Result "1/2-1/2"]
[WhiteElo "1920"]
[BlackElo "2118"]
[PlyCount "54"]
[EventDate "2013.08.01"]
[EventType "tourn"]
[EventRounds "9"]
[EventCountry "NZL"]
[SourceTitle "EXT 2018"]
[Source "ChessBase"]
[SourceDate "2017.10.13"]
[SourceVersion "1"]
[SourceVersionDate "2017.10.13"]
[SourceQuality "1"]

1. e4 c5 2. d4 cxd4 3. c3 Nf6 4. e5 Nd5 5. cxd4 e6 6. Nf3 d6 7. Nc3 Nxc3 8. bxc3 Nc6 9. exd6 Bxd6 10. Bd3 Bd7 11. 0-0 Qa5 12. Bd2 0-0 13. Ng5 h6 14. Ne4 Be7 15. Rb1 Nd8 16. c4 Qc7 17. Bxh6 f5 18. Bg5 fxe4 19. Bxe7 exd3 20. Bxf8 Kxf8 21. Qxd3 Rc8 22. Rfc1 Kg8 23. Qa3 b6 24. d5 Be8 25. Re1 Bf7 26. d6 Qd7 27. Rec1 Rc6 1/2-1/2

[Event "Wellington CC-chA"]
[Site "Wellington"]
[Date "2013.09.06"]
[Round "6"]
[White "Pomeroy, Arthur"]
[Black "Forster, William"]
[Result "1-0"]
[WhiteElo "2118"]
[BlackElo "1960"]
[PlyCount "57"]
[EventDate "2013.08.01"]
[EventType "tourn"]
[EventRounds "9"]
[EventCountry "NZL"]
[SourceTitle "EXT 2018"]
[Source "ChessBase"]
[SourceDate "2017.10.13"]
[SourceVersion "1"]
[SourceVersionDate "2017.10.13"]
[SourceQuality "1"]

1. e4 c5 2. Nf3 a6 3. c4 g6 4. d4 cxd4 5. Nxd4 Bg7 6. Nc3 Nc6 7. Be3 d6 8. Be2 Nf6 9. f3 0-0 10. 0-0 Nxd4 11. Bxd4 Be6 12. Rc1 Qa5 13. b3 Rfc8 14. a4 Nd7 15. Bxg7 Kxg7 16. Kh1 Rc5 17. f4 Kg8 18. Qd4 Qb4 19. f5 gxf5 20. exf5 Bxf5 21. Rxf5 Rxf5 22. Qg4+ Kh8 23. Qxf5 Nf6 24. Ne4 Nxe4 25. Qxe4 Qd2 26. Rd1 Qg5 27. Bd3 Qh5 28. Rf1 Rg8 29. Qf5 1-0

[Event "Wellington CC-chA"]
[Site "Wellington"]
[Date "2013.08.29"]
[Round "5"]
[White "Aldridge, Alan L"]
[Black "Pomeroy, Arthur"]
[Result "1/2-1/2"]
[WhiteElo "1940"]
[BlackElo "2118"]
[PlyCount "63"]
[EventDate "2013.08.01"]
[EventType "tourn"]
[EventRounds "9"]
[EventCountry "NZL"]
[SourceTitle "EXT 2018"]
[Source "ChessBase"]
[SourceDate "2017.10.13"]
[SourceVersion "1"]
[SourceVersionDate "2017.10.13"]
[SourceQuality "1"]

1. d4 Nf6 2. c4 g6 3. Nc3 Bg7 4. e4 d6 5. f3 0-0 6. Be3 Nc6 7. Nge2 a6 8. Nc1 Re8 9. Be2 e5 10. Nb3 exd4 11. Nxd4 Ne5 12. 0-0 c6 13. h3 Qc7 14. Rc1 Be6 15. Nxe6 Rxe6 16. Nd5 Nxd5 17. cxd5 Ree8 18. dxc6 bxc6 19. Qc2 a5 20. Bb5 Rab8 21. a4 Qb7 22. Bxc6 Nxc6 23. Qxc6 Qxc6 24. Rxc6 d5 25. Rc5 dxe4 26. Rxa5 exf3 27. Bc1 Bd4+ 28. Kh1 f2 29. g3 Re1 30. Kg2 Rxf1 31. Kxf1 Rc8 32. Bd2 1/2-1/2

[Event "Wellington CC Summer Cup"]
[Site "Wellington"]
[Date "2013.02.28"]
[Round "4"]
[White "Pomeroy, Arthur"]
[Black "Meyer, Marany"]
[Result "1/2-1/2"]
[WhiteElo "2108"]
[BlackElo "2064"]
[PlyCount "61"]
[EventDate "2013.02.07"]
[EventType "swiss"]
[EventRounds "8"]
[EventCountry "NZL"]
[SourceTitle "EXT 2018"]
[Source "ChessBase"]
[SourceDate "2017.10.13"]
[SourceVersion "1"]
[SourceVersionDate "2017.10.13"]
[SourceQuality "1"]

1. e4 d6 2. d4 g6 3. Nc3 Bg7 4. f4 Nf6 5. Nf3 0-0 6. Be3 c6 7. Bd3 Re8 8. Qe2 Nbd7 9. e5 dxe5 10. fxe5 Nd5 11. Nxd5 cxd5 12. 0-0 Nf8 13. Qf2 f6 14. Rae1 a6 15. Qh4 b5 16. Bh6 Ra7 17. Bxg7 Kxg7 18. Rf2 f5 19. g4 e6 20. g5 Kg8 21. a3 Ree7 22. Nd2 Rec7 23. Nb3 Nd7 24. Re3 Nf8 25. Rh3 Rf7 26. Nc5 Qb6 27. b4 a5 28. Qf4 axb4 29. axb4 Nd7 30. Qd2 Nxc5 31. bxc5 1/2-1/2

[Event "Wellington CC Summer Cup"]
[Site "Wellington"]
[Date "2013.02.21"]
[Round "3"]
[White "Ker, Anthony F"]
[Black "Pomeroy, Arthur"]
[Result "1-0"]
[WhiteElo "2452"]
[BlackElo "2108"]
[PlyCount "77"]
[EventDate "2013.02.07"]
[EventType "swiss"]
[EventRounds "8"]
[EventCountry "NZL"]
[SourceTitle "EXT 2018"]
[Source "ChessBase"]
[SourceDate "2017.10.13"]
[SourceVersion "1"]
[SourceVersionDate "2017.10.13"]
[SourceQuality "1"]

1. e4 c5 2. c3 Nf6 3. e5 Nd5 4. d4 cxd4 5. Nf3 e6 6. cxd4 d6 7. Bc4 Nc6 8. 0-0 Be7 9. Qe2 0-0 10. Qe4 Qc7 11. Re1 Bd7 12. Ng5 Bxg5 13. Bxg5 Nce7 14. Na3 a6 15. Bd3 Ng6 16. Nc4 dxe5 17. Nxe5 f5 18. Qf3 Nxe5 19. Rxe5 Nb4 20. Rc1 Qb6 21. Bc4 Qxd4 22. Bxe6+ Bxe6 23. Rxe6 Rae8 24. Qb3 Rxe6 25. Qxe6+ Kh8 26. Qxf5 Rg8 27. h4 Nc6 28. Qc2 h6 29. Qg6 Ne5 30. Qh5 Ng4 31. Qf7 hxg5 32. Qh5+ Nh6 33. hxg5 Qd2 34. Rd1 Qf4 35. gxh6 gxh6 36. g3 Qf6 37. Rd7 Rf8 38. Qe2 Rf7 39. Qe8+ 1-0

[Event "Wellington CC Summer Cup"]
[Site "Wellington"]
[Date "2013.02.14"]
[Round "2"]
[White "Pandey, Alok"]
[Black "Pomeroy, Arthur"]
[Result "0-1"]
[WhiteElo "1833"]
[BlackElo "2108"]
[PlyCount "34"]
[EventDate "2013.02.07"]
[EventType "swiss"]
[EventRounds "8"]
[EventCountry "NZL"]
[SourceTitle "EXT 2018"]
[Source "ChessBase"]
[SourceDate "2017.10.13"]
[SourceVersion "1"]
[SourceVersionDate "2017.10.13"]
[SourceQuality "1"]

1. d4 Nf6 2. c4 g6 3. Nc3 Bg7 4. e4 d6 5. f3 0-0 6. Be3 Nc6 7. Nge2 a6 8. g4 b5 9. Qd2 e5 10. d5 Na5 11. Ng3 Bd7 12. cxb5 axb5 13. Nxb5 Qb8 14. a4 Nb3 15. Qd1 Nxa1 16. Kf2 c6 17. dxc6 Bxc6 0-1

[Event "NZL-ch rapid"]
[Site "Wellington"]
[Date "2013.01.12"]
[Round "6"]
[White "James, Jack"]
[Black "Pomeroy, Arthur"]
[Result "0-1"]
[WhiteElo "1864"]
[BlackElo "1996"]
[PlyCount "60"]
[EventDate "2013.01.11"]
[EventType "swiss (rapid)"]
[EventRounds "9"]
[EventCountry "NZL"]
[SourceTitle "EXT 2018"]
[Source "ChessBase"]
[SourceDate "2017.10.13"]
[SourceVersion "1"]
[SourceVersionDate "2017.10.13"]
[SourceQuality "1"]

1. e4 c5 2. Nc3 g6 3. f4 Bg7 4. Nf3 e6 5. e5 Ne7 6. Ne4 0-0 7. Nxc5 d6 8. Ne4 dxe5 9. fxe5 Nbc6 10. d4 Nf5 11. c3 f6 12. exf6 Bxf6 13. Nxf6+ Qxf6 14. Bg5 Qf7 15. Bc4 h6 16. Bd2 Rb8 17. Bf4 Ra8 18. 0-0 g5 19. Bd2 Qg6 20. Bd3 Qg7 21. Qe2 Bd7 22. Rae1 Rae8 23. Ne5 Nxe5 24. Qxe5 Qxe5 25. Rxe5 Kg7 26. Rfe1 Nd6 27. d5 Nf7 28. Rxe6 Bxe6 29. Rxe6 Rxe6 30. dxe6 Ne5 0-1

[Event "Wellington Mazur Memorial"]
[Site "Wellington"]
[Date "2012.11.15"]
[Round "3"]
[White "Timergazi, Layla"]
[Black "Pomeroy, Arthur"]
[Result "0-1"]
[WhiteElo "1755"]
[BlackElo "2111"]
[PlyCount "42"]
[EventDate "2012.11.01"]
[EventType "swiss"]
[EventRounds "7"]
[EventCountry "NZL"]
[SourceTitle "EXT 2018"]
[Source "ChessBase"]
[SourceDate "2017.10.13"]
[SourceVersion "1"]
[SourceVersionDate "2017.10.13"]
[SourceQuality "1"]

1. d4 Nf6 2. c4 g6 3. Nc3 Bg7 4. e4 d6 5. Nf3 0-0 6. Be2 e5 7. d5 Na6 8. 0-0 Nh5 9. a3 Nf4 10. b4 f5 11. Be3 Nxe2+ 12. Qxe2 f4 13. b5 Nb8 14. Bd2 g5 15. Ne1 g4 16. g3 f3 17. Qe3 Qe8 18. Qg5 Rf6 19. Nc2 Rg6 20. Qh5 Nd7 21. Ne3 Nf6 0-1

[Event "Wellington CC-chA"]
[Site "Wellington"]
[Date "2012.10.04"]
[Round "1"]
[White "Pomeroy, Arthur"]
[Black "Nyberg, Michael"]
[Result "1-0"]
[WhiteElo "2134"]
[BlackElo "1965"]
[PlyCount "81"]
[EventDate "2012.07.31"]
[EventType "tourn"]
[EventRounds "9"]
[EventCountry "NZL"]
[SourceTitle "EXT 2018"]
[Source "ChessBase"]
[SourceDate "2017.10.13"]
[SourceVersion "1"]
[SourceVersionDate "2017.10.13"]
[SourceQuality "1"]

1. e4 c6 2. d4 d5 3. e5 Bf5 4. h4 h6 5. g4 Be4 6. f3 Bh7 7. e6 fxe6 8. Bd3 Qd6 9. Bxh7 Rxh7 10. Qd3 Rh8 11. Ne2 Nd7 12. Bf4 Qb4+ 13. Nbc3 Ngf6 14. Bc7 Nb6 15. 0-0 Kd7 16. Bg3 g5 17. hxg5 hxg5 18. a3 Qc4 19. Qe3 Bg7 20. b3 Qa6 21. Kg2 Raf8 22. Rae1 Nc8 23. Na4 b6 24. Nc1 Qb7 25. Nd3 Ke8 26. Qxe6 Qd7 27. Qe2 Ng8 28. Nac5 bxc5 29. Nxc5 Qd8 30. Ne6 Qb6 31. Nxg7+ Kd7 32. Qe6+ Kd8 33. Qe5 Rf6 34. Ne6+ Kd7 35. Nc5+ Kd8 36. Rh1 Rxh1 37. Rxh1 Nh6 38. Qxg5 Qb5 39. c4 dxc4 40. Rxh6 Rf8 41. Ne6+ 1-0